000 00206 a2200097 4500
020 _a9788447800827
041 _aspa
100 _aAnne marie Chapouton
245 _aLas zapatillas de ojos azules
942 _cK
999 _c30402
_d30400